Oral and Maxillofacial Pathology (Record no. 22811)

MARC details
000 -LEADER
fixed length control field 00433nam a22001697a 4500
003 - CONTROL NUMBER IDENTIFIER
control field SGT
020 ## - INTERNATIONAL STANDARD BOOK NUMBER
International Standard Book Number 9788131243992
082 ## - DEWEY DECIMAL CLASSIFICATION NUMBER
Classification number 616.0707
Item number O15N
100 ## - MAIN ENTRY--PERSONAL NAME
Personal name Neville, Brad W.. [et. al.]
245 ## - TITLE STATEMENT
Title Oral and Maxillofacial Pathology
250 ## - EDITION STATEMENT
Edition statement 1st South Asia
260 ## - PUBLICATION, DISTRIBUTION, ETC. (IMPRINT)
Name of publisher, distributor, etc Elsevier
Year of Publication 2015
300 ## - PAGE DESCRIPTION
No. of Pages 912
650 ## - SUBJECT ADDED ENTRY--TOPICAL TERM
Topical term or geographic name as entry element Oral and Maxillofacial Pathology
653 ## - KEYWORDS--INDEX TERM
Keyword term Oral and Maxillofacial Pathology
942 ## - ADDED ENTRY ELEMENTS (KOHA)
Source of classification or shelving scheme Dewey Decimal Classification
Koha item type Books
942 ## - ADDED ENTRY ELEMENTS (KOHA)
-- 26
Holdings
Withdrawn status Lost status Source of classification or shelving scheme Damaged status Not for loan Home library Current library Date acquired Vendor Name Cost, normal purchase price SGTU Bill Number Full call number Accession No. (Barcode) Date last seen Bill Date Koha item type Total Checkouts Date last borrowed Total Renewals
    Dewey Decimal Classification     SGT Dental Library SGT Dental Library 10/06/2022 Ahuja Book Co. Pvt. Ltd. 2935.00 SGTU 14353 616.0707 O15N FD8863 10/06/2022 16/04/2022 Books      
    Dewey Decimal Classification     SGT Dental Library SGT Dental Library 10/06/2022 Ahuja Book Co. Pvt. Ltd. 2935.00 SGTU 14353 616.0707 O15N FD8864 12/03/2025 16/04/2022 Books 5 10/03/2025  
    Dewey Decimal Classification     SGT Dental Library SGT Dental Library 10/06/2022 Ahuja Book Co. Pvt. Ltd. 2935.00 SGTU 14353 616.0707 O15N FD8865 12/06/2025 16/04/2022 Books 11 18/03/2025 1
    Dewey Decimal Classification     SGT Dental Library SGT Dental Library 10/06/2022 Ahuja Book Co. Pvt. Ltd. 2935.00 SGTU 14353 616.0707 O15N FD8866 25/07/2025 16/04/2022 Books 5 25/07/2025  
    Dewey Decimal Classification     SGT Dental Library SGT Dental Library 10/06/2022 Ahuja Book Co. Pvt. Ltd. 2935.00 SGTU 14353 616.0707 O15N FD8867 07/08/2025 16/04/2022 Books 7 07/08/2025